000 00402nam a2200157Ia 4500
008 131112t2012 xxu||||| |||| 00| 0 sin d
041 _asin
080 _aX8S3 WIJ (Yo
_bth)
245 _aටිකිරි කතන්දර
246 _aTikiri Kathandara
260 _aGunasena
_aColombo
_c2012
300 _b95p, 18 cm
942 _cBK
999 _c43800
_d43800
003 LK-CoDNM
040 _aLK-CoDNM
_dLK-CoDNM
_eLK-CoDNM